Handbook of Managing Apparel Production and Quality / (Record no. 52327)

MARC details
000 -LEADER
fixed length control field 00640nam a22002177a 4500
003 - CONTROL NUMBER IDENTIFIER
control field OSt
008 - FIXED-LENGTH DATA ELEMENTS--GENERAL INFORMATION
fixed length control field 260625b |||||||| |||| 00| 0 eng d
020 ## - INTERNATIONAL STANDARD BOOK NUMBER
International Standard Book Number 9788193644669
082 ## - DEWEY DECIMAL CLASSIFICATION NUMBER
Classification number 677.0287
Item number P98H
100 ## - MAIN ENTRY--PERSONAL NAME
Personal name Purushothama, B.
245 ## - TITLE STATEMENT
Title Handbook of Managing Apparel Production and Quality /
Statement of responsibility, etc. by B. Purushothama
260 ## - PUBLICATION, DISTRIBUTION, ETC. (IMPRINT)
Place of publication, distribution, etc .- New Delhi
Name of publisher, distributor, etc : Woodhead Publishing India
Date of publication, distribution, etc , 2019
300 ## - PHYSICAL DESCRIPTION
Extent xii,508p.
440 ## - SERIES STATEMENT/ADDED ENTRY--TITLE
Series Title Woodhead Publishing India in Textiles
650 ## - SUBJECT ADDED ENTRY--TOPICAL TERM
Topical term or geographic name as entry element Technology (Applied Sciences)
650 ## - SUBJECT ADDED ENTRY--TOPICAL TERM
Topical term or geographic name as entry element Manufacturing
650 ## - SUBJECT ADDED ENTRY--TOPICAL TERM
Topical term or geographic name as entry element Textiles
650 ## - SUBJECT ADDED ENTRY--TOPICAL TERM
Topical term or geographic name as entry element Apparel Production
650 ## - SUBJECT ADDED ENTRY--TOPICAL TERM
Topical term or geographic name as entry element Handbook
942 ## - ADDED ENTRY ELEMENTS (KOHA)
Source of classification or shelving scheme
Koha item type Books
Holdings
Withdrawn status Lost status Source of classification or shelving scheme Damaged status Not for loan Home library Current library Date acquired Source of acquisition Cost, normal purchase price Total Checkouts Full call number Barcode Date last seen Bill Date Koha item type Bill Number
          Dr. Rajendra Prasad Central Agricultural University Pusa, Dr. Rajendra Prasad Central Agricultural University Pusa, 25/06/2026 TTPP, New Delhi 4695.00   677.0287 P98H 87803 25/06/2026 29/01/2026 Books IN-00449
Hosted, Implemented, Customized & Maintained by: BestBookBuddies

Powered by Koha